| 000 | 00609ctm a22001815a 4500 | ||
|---|---|---|---|
| 001 | L157211 | ||
| 008 | 120925q1930 xxk f 000 0 eng d | ||
| 035 | _a(Sirsi) u157211 | ||
| 041 | 0 | _aeng | |
| 245 | 0 | 1 |
_a[Prices for construction work and trades] _b[manuscript] |
| 260 | _c[1920-1930?] | ||
| 300 |
_a1v _c33 cm. |
||
| 520 | _aThe item is a manuscript ledger setting out the costs of various types of construction work, and rates for tradesmen. | ||
| 583 |
_aCondition reviewed _c20120925 _lcondition level 2 |
||
| 651 | 4 |
_aGreat Britain _y1707- |
|
| 690 |
_aConstruction management _96230 |
||
| 942 | _n0 | ||
| 999 |
_c114651 _d114651 |
||